La educación superior como agente de transformación de las identidades genéricas entre los zapotecos en la Ciudad de México (Record no. 156437)

MARC details
000 -CABECERA
campo de control de longitud fija 00625nab a2200205 a 4500
005 - FECHA Y HORA DE LA ÚLTIMA TRANSACCIÓN
campo de control 20210219161406.0
008 - ELEMENTOS DE LONGITUD FIJA--INFORMACIÓN GENERAL
campo de control de longitud fija 991125s1985 mx 000 0 spa u
035 ## - NÚMERO DE CONTROL DEL SISTEMA
Número de control de sistema UPN01000184334
100 1# - ASIENTO PRINCIPAL--NOMBRE PERSONAL
Nombre de persona Rea Angeles, Patricia
222 ## - TÍTULO CLAVE
Título clave PERFILES EDUCATIVOS
245 ## - MENCIÓN DE TÍTULO
Título La educación superior como agente de transformación de las identidades genéricas entre los zapotecos en la Ciudad de México
260 ## - PUBLICACIÓN, DISTRIBUCIÓN, ETC.
Lugar de publicación, distribución, etc. México
300 ## - DESCRIPCIÓN FÍSICA
Extensión 226-238
362 0# - FECHAS DE PUBLICACIÓN Y/O DESIGNACIÓN SECUENCIAL
Fecha de publicación y/o designación secuencial 2011 3a época, vol. 33, no. especial
653 0# - TERMINO DE INDIZACION - NO CONTROLADO
Término no controlado ZAPOTECOS
653 0# - TERMINO DE INDIZACION - NO CONTROLADO
Término no controlado EDUCACION SUPERIOR
653 0# - TERMINO DE INDIZACION - NO CONTROLADO
Término no controlado MIGRACION
653 0# - TERMINO DE INDIZACION - NO CONTROLADO
Término no controlado GENERO
905 ## - TIPO DE MATERIAL
Tipo de material Articulo

No items available.